000
00265nam a2200097Ia 4500
001
1197553
005
20250827021829.0
008
250824s9999 xx 000 0 und d
245
0
_a
YAKIN TARİHİMİZİN SIR PERDESİ
_c
YAVUZ BAHADIROĞLU
260
_b
PANAMA YAYINLARI
999
_c
1197553
_d
1197553